| 000 | 00695nam a2200217 i 4500 | ||
|---|---|---|---|
| 001 | 144235 | ||
| 003 | ES-MaACL | ||
| 005 | 20250808022131.0 | ||
| 007 | t| | ||
| 008 | 070214s1958 sp r ||||1| spa d | ||
| 100 | 1 |
_aSierra, Luis de la. _9106258 |
|
| 245 | 1 | 0 |
_aBuques suicidas _b: la historia de los submarinos de bolsillo, torpedos humanos y botes explosivos en el siglo XX / _cLuis de la Sierra. |
| 250 | _a1ยช. ed. | ||
| 260 |
_aBarcelona : _bLuis de caralt, _c1958. |
||
| 300 |
_a321 p. ; _c20 cm. |
||
| 490 | 1 | _aLa vida vivida | |
| 650 | 4 |
_aSubmarinos. _9155749 |
|
| 830 | 0 | 3 |
_aLa vida vivida _9180877 |
| 852 |
_aES-MaACL _jC-14497 _bR.42236 |
||
| 999 |
_c144235 _d144235 |
||